MARC

LEADER 00000nam0a2200000 4500
001 255382
005 20231101233024.0
035 |a (RuTPU)RU\TPU\book\277888 
090 |a 255382 
100 |a 20140327d1978 m y0rusy50 ca 
101 0 |a rus 
102 |a RU 
105 |a a z 001zy 
200 1 |a Упрощение расчетных схем электрических систем  |f Ф. Г. Гусейнов 
210 |a Москва  |c Энергия  |d 1978 
215 |a 184 с.  |c ил. 
320 |a Библиогр.: с. 180-182. 
606 1 |a Электрические системы  |x Расчет  |2 stltpush  |3 (RuTPU)RU\TPU\subj\27584  |9 51312 
610 1 |a схемы 
610 1 |a составление 
610 1 |a генераторы 
610 1 |a эквивалентирование 
610 1 |a синхронные машины 
610 1 |a математические модели 
610 1 |a узлы нагрузки 
610 1 |a упрощение 
610 1 |a погрешности 
610 1 |a оценка 
675 |a 621.311.001.24  |v 3 
700 1 |a Гусейнов  |b Ф. Г.  |g Фридун Гамзаевич 
801 1 |a RU  |b 63413507  |c 20140327 
801 2 |a RU  |b 63413507  |c 20200714  |g RCR 
942 |c BK